000
00315nam a2200121Ia 4500
005
20251222154404.0
008
251222s9999||||xx |||||||||||||| ||spa||
020
_a
84-395-9024-5
082
_a
868.7/A78
100
_a
"Arteaga y del Alcázar, María de Almudena de"
245
0
_a
La princesa de Éboli
942
_c
LIB
999
_c
35395
_d
35395